00355 2200145 4500001002100000005001500021008004100036035001900077082001000096090001400106100002300120245002300143260001900166300002400185INLIS00000000000444320220725121436220725||||||||| | ||| |||| ||  0010-07220044430 a405.6 aSab b c.10 aSABARIYANTO, Dirgo00aBahasa Surat Dinas aSemarangc1988 ax+227p.,bibl.,23cm.